| 000 | 00467nam a22001697a 4500 | ||
|---|---|---|---|
| 003 | SISC | ||
| 005 | 20160307160624.0 | ||
| 008 | 130909t xxu||||| |||| 00| 0 eng d | ||
| 020 | _a9812210180 | ||
| 050 |
_aPN 6081 _b.K73 2000 |
||
| 082 |
_aHS 133.1 _bP96 2002 |
||
| 245 |
_aA Gift to cherish knowledge _cBhavana Sabharwal |
||
| 260 |
_aNew York : _bDisney Enterprises, Inc, _cc2000. |
||
| 300 |
_a138 p. : _bill. ; _c15 cm |
||
| 942 |
_2lcc _cBK |
||
| 999 |
_c10663 _d10663 |
||